التنمية البشرية في الوطن العربي : (Record no. 14930)
[ view plain ]
| 000 -LEADER | |
|---|---|
| fixed length control field | 00761nam a22001697a 4500 |
| 008 - FIXED-LENGTH DATA ELEMENTS--GENERAL INFORMATION | |
| fixed length control field | 110120t xxu||||| |||| 00| 0 eng d |
| 020 ## - INTERNATIONAL STANDARD BOOK NUMBER | |
| International Standard Book Number | 9775140331 |
| 082 ## - DEWEY DECIMAL CLASSIFICATION NUMBER | |
| Classification number | 331.1956 |
| Item number | ع م ا |
| 100 ## - MAIN ENTRY--PERSONAL NAME | |
| 9 (RLIN) | 22105 |
| Personal name | عمار ، حامد |
| 245 ## - TITLE STATEMENT | |
| Title | التنمية البشرية في الوطن العربي : |
| Remainder of title | الإحصاءات والوثائق / |
| Statement of responsibility, etc | حامد عمار |
| 260 ## - PUBLICATION, DISTRIBUTION, ETC. (IMPRINT) | |
| Place of publication, distribution, etc | القاهرة : |
| Name of publisher, distributor, etc | سينا للنشر ، 1993 |
| Date of publication, distribution, etc | 1993 |
| 300 ## - PHYSICAL DESCRIPTION | |
| Extent | 239 ص ؛ |
| Dimensions | 20 سم |
| 541 ## - IMMEDIATE SOURCE OF ACQUISITION NOTE | |
| Source of acquisition | د. باسم أحمد ؛ |
| 650 ## - SUBJECT ADDED ENTRY--TOPICAL TERM | |
| 9 (RLIN) | 21731 |
| Topical term or geographic name as entry element | القوى العاملة |
| Geographic subdivision | العالم العربي |
| 942 ## - ADDED ENTRY ELEMENTS (KOHA) | |
| Source of classification or shelving scheme | Dewey Decimal Classification |
| Item type | Book - Borrowing |
| Withdrawn status | Item status | Source of classification or shelving scheme | Damaged status | Not for loan | Vendor | Home library | Current library | Shelving location | Date acquired | Source of acquisition | Total Checkouts | Full call number | Barcode | Date last seen | Date last borrowed | Koha item type |
|---|---|---|---|---|---|---|---|---|---|---|---|---|---|---|---|---|
| Dewey Decimal Classification | Central Library | Central Library | First floor | 20/01/2011 | 1 | 331.1956 ع م ا | 000022765 | 15/07/2025 | 27/11/2016 | Book - Borrowing |